Morocco 2026 FIFA World Cup Squad - Statistics

General Stats
  • This quiz has been taken 32 times
  • The average score is 12 of 27
Answer Stats
# Position Player % Correct
GK Yassine Bounou
95%
© DF Achraf Hakimi
91%
DF Noussair Mazraoui
82%
MF Sofyan Amrabat
77%
FW Brahim Díaz
73%
DF Nayef Aguerd
64%
FW Abde Ezzalzouli
59%
MF Azzedine Ounahi
59%
FW Ayoub El Kaabi
55%
DF Issa Diop
45%
MF Ismael Saibari
41%
MF Bilal El Khannouss
36%
FW Chemsdine Talbi
36%
MF Neil El Aynaoui
36%
DF Chadi Riad
32%
FW Gessime Yassine
32%
GK Munir Mohamedi
32%
GK Ahmed Reda Tagnaouti
27%
DF Anass Salah-Eddine
27%
MF Ayyoub Bouaddi
27%
FW Soufiane Rahimi
23%
Manager Mohamed Ouahbi
18%
DF Redouane Halhal
18%
MF Samir El Mourabet
18%
DF Youssef Belammari
18%
DF Zakaria El Ouahdi
18%
FW Ayoube Amaimouni
14%
No matching quizzes found
Score Distribution
Percent of People with Each Score
Percentile by Number Answered
Your Score History
You have not taken this quiz